| 000 | 00696nam a2200205 a 4500 | ||
|---|---|---|---|
| 005 | 20210219160347.0 | ||
| 008 | 081020s1996 mx r 000 0 spa d | ||
| 020 | _a9264153179 | ||
| 035 | _aUPN01000163823 | ||
| 049 | _aUNE | ||
| 080 | _a374.7 (100) =20 "1996" ADUu | ||
| 245 | 0 | 0 | _aAdult learning in a new technological era |
| 260 |
_aParis : _bOECD, _c1996. |
||
| 300 |
_a169 p. ; _bfot. |
||
| 500 | _aIncluye bibliografía | ||
| 690 | _aEducacion de adultos- Tecnologia educacional | ||
| 710 | 2 | _aOECD. Organisation for Economic Co-operation and Development | |
| 710 | 2 | _aInternational Rountable Adult Learning and Technology in OECD Countries, 1996 : Philadelphia | |
| 905 | _aUNESCO | ||
| 999 |
_c135936 _d135936 |
||